Statistics for Members of the Great Houses of Westeros (ASOIAF / Game of Thrones)

Click here to take the quiz!

General Stats

  • This quiz has been taken 985 times
  • The average score is 37 of 49

Answer Stats

GroupAnswer% Correct
House StarkLord Eddard Stark
99%
House StarkRobb Stark
99%
House StarkArya Stark
98%
House StarkBrandon Stark
97%
House LannisterLord Tywin Lannister
97%
House LannisterQueen Cersei Lannister
97%
House StarkSansa Stark
97%
House ArrynLord Jon Arryn
96%
House BaratheonLord Stannis Baratheon
96%
House LannisterTyrion Lannister
96%
House TullyLady Catelyn Tully
94%
House BaratheonLord Renly Baratheon
94%
House BaratheonPrince Joffrey Baratheon
94%
House StarkRickon Stark
94%
House LannisterSer Jaime Lannister
94%
House GreyjoyTheon Greyjoy
94%
House BaratheonPrince Tommen Baratheon
93%
House BaratheonPrincess Myrcella Baratheon
91%
House TyrellSer Loras Tyrell
91%
House MartellPrince Oberyn Martell
89%
House GreyjoyEuron Greyjoy
86%
House TullyLady Lysa Tully
86%
House GreyjoyLord Balon Greyjoy
84%
House TullySer Edmure Tully
84%
House BaratheonKing Robert I Baratheon
83%
House TyrellMargaery Tyrell
83%
House LannisterSer Kevan Lannister
82%
House LannisterLancel Lannister
81%
House TyrellLord Mace Tyrell
81%
House GreyjoyAsha Greyjoy
79%
House MartellPrince Doran Martell
79%
House StarkBenjen Stark
78%
House TullyLord Hoster Tully
75%
House BaratheonShireen Baratheon
72%
House TullySer Brynden Tully
68%
House ArrynRobert Arryn
66%
House GreyjoyVictarion Greyjoy
65%
House MartellPrincess Arianne Martell
62%
House MartellPrince Trystane Martell
59%
House GreyjoyAeron Greyjoy
56%
House MartellPrince Quentyn Martell
55%
House TyrellWillas Tyrell
52%
House TyrellSer Garlan Tyrell
47%
House LannisterLady Genna Lannister
32%
House LannisterMartyn Lannister
31%
House LannisterWillem Lannister
28%
House LannisterTyrek Lannister
20%
House LannisterSer Stafford Lannister
15%
House LannisterSer Daven Lannister
13%

Score Distribution

Percentile by Number Answered

Percent of People with Each Score

Your Score History

You have not taken this quiz